| 000 | 00514cam a2200205ua 4500 | ||
|---|---|---|---|
| 001 | 4240 | ||
| 005 | 20260515113815.0 | ||
| 008 | 111221n ii |||gr||||Z||||||asm | ||
| 020 | _a81-7339-462-8 | ||
| 040 | _cMAIN | ||
| 082 | _a891.4513 | ||
| 100 | 1 |
_aHussain, Imran, _eEditor., |
|
| 245 | 1 | 1 |
_aRupantarar gadya _ced. by Imran Hussain |
| 250 | _a1st. | ||
| 260 |
_aGuwahati: _bBanalata, _c2006. |
||
| 300 |
_a494p: _c23cm. |
||
| 653 | _aAssamese short stories | ||
| 653 | _aSahitya sadhanar abhas | ||
| 942 | _cBK | ||
| 999 |
_c4057 _d4057 |
||